What makes day and night? / (Record no. 7321)

MARC details
000 -LEADER
fixed length control field 00930nam a22002897a 4500
001 - CONTROL NUMBER
control field 7321
003 - CONTROL NUMBER IDENTIFIER
control field FISKH
005 - DATE AND TIME OF LATEST TRANSACTION
control field 20250709135441.0
008 - FIXED-LENGTH DATA ELEMENTS--GENERAL INFORMATION
fixed length control field 250709b cb ||||| |||| 00| 0 eng d
040 ## - CATALOGING SOURCE
Original cataloging agency FISKH
Language of cataloging eng
Transcribing agency FISKH
Modifying agency FISKH
050 ## - LIBRARY OF CONGRESS CALL NUMBER
Classification number QB633 .A78
082 ## - DEWEY DECIMAL CLASSIFICATION NUMBER
Classification number 525.3
100 ## - MAIN ENTRY--PERSONAL NAME
Personal name Arvetis, Chris
245 ## - TITLE STATEMENT
Title What makes day and night? /
Statement of responsibility, etc. by Chris Arvetis and Carole Palmer ; Illustrated by James Buckley
260 ## - PUBLICATION, DISTRIBUTION, ETC.
Place of publication, distribution, etc. Ohio :
Name of publisher, distributor, etc. Newfield Publications,
Date of publication, distribution, etc. 1984.
300 ## - PHYSICAL DESCRIPTION
Extent 32 unnumbered pages :
Other physical details color illustrations ;
Dimensions 24 cm
490 ## - SERIES STATEMENT
Series statement A Just Ask Book
505 ## - FORMATTED CONTENTS NOTE
Formatted contents note G<br/>
520 ## - SUMMARY, ETC.
Summary, etc. Explains in simple terms why there is night and day.
521 8# - TARGET AUDIENCE NOTE
Target audience note 300<br/>
Source Lexile estimate<br/>
521 8# - TARGET AUDIENCE NOTE
Target audience note G<br/>
Source Raz-Plus<br/>
650 ## - SUBJECT ADDED ENTRY--TOPICAL TERM
Topical term or geographic name entry element Astronomy
Form subdivision Picture book
General subdivision Day and Night
Chronological subdivision Informational
700 ## - ADDED ENTRY--PERSONAL NAME
Personal name Palmer, Carole
Relator term Author
700 ## - ADDED ENTRY--PERSONAL NAME
Personal name Buckley, James
Relator term illustrator
942 ## - ADDED ENTRY ELEMENTS (KOHA)
Source of classification or shelving scheme Dewey Decimal Classification
Koha item type Books
Suppress in OPAC No
Holdings
Withdrawn status Lost status Source of classification or shelving scheme Damaged status Not for loan Collection Home library Current library Shelving location Date acquired Total Checkouts Full call number Barcode Date last seen Copy number Price effective from Koha item type
    Dewey Decimal Classification     Non-Fiction Footprints International School Library Network Toul Kork Campus Footprints International School Library Network Toul Kork Campus TK Primary Library Room(4th Floor), Bookcase 7, Shelves 57-60, Dark Green Books 07/09/2025   ARV 525.3 QB633 .A78 FISBK07113 07/09/2025 1 07/09/2025 Books